000 00514nam a22001817a 4500
005 20251108163345.0
008 250721s1993 xx 000 0 ara d
082 1 4 _a190/محم
100 1 _aزقزوق، محمود حمدي
245 1 0 _aدراسات في الفلسفة الحديثة /
250 _aط3
264 1 _aالقاهرة :
_bدار الفكر العربي،
_c1993.
300 _a241ص
650 1 7 _aالفلسفة الحديثة
650 1 7 _aالتاريخ
942 _2ddc
_cBK
999 _c657
_d657